书目信息 |
| 题名: |
MBA通才之道
|
|
| 作者: | 王辉耀 著 | |
| 分册: | ||
| 出版信息: | 北京 作家出版社 2002.04 |
|
| 页数: | 510页 | |
| 开本: | 21cm | |
| 丛书名: | ||
| 单 册: | ||
| 中图分类: | G643 | |
| 科图分类: | ||
| 主题词: | 企业管理--研究生教育--概况--世界 | |
| 电子资源: | ||
| ISBN: | 7-5063-2343-5 | |
| 000 | 00774nam0 2200229 45 | |
| 005 | 20051117151832.67 | |
| 010 | @a7-5063-2343-5@dCNY 29.80 | |
| 100 | @a20020505d2002 ekmy0chiy0121 ea | |
| 101 | 0 | @achi |
| 102 | @aCN@b110000 | |
| 105 | @ay z 000yy | |
| 200 | 1 | @aMBA通才之道@AMBA tong cai zhi dao@dMBA Talents@e中外MBA分析指南@f王辉耀著@zeng |
| 210 | @a北京@c作家出版社@d2002.04 | |
| 215 | @a510页@d21cm | |
| 330 | @a本书内容包括如何选择读MBA,中外MBA的比较,MBA学习的投资与回报,成功申请商学院诀窍,MBA的择业指导,建立MBA的网络等等。 | |
| 510 | 1 | @aMBA Talents@zeng |
| 517 | 1 | @a中外MBA分析指南 |
| 606 | 0 | @a企业管理@x研究生教育@x概况@y世界 |
| 690 | @aG643@v4 | |
| 701 | 0 | @a王辉耀@AWang hui yao@4著 |
| 801 | 0 | @aCN@bQSSK@c20051117 |
| 905 | @a10447@dG643@eW210 | |
| MBA通才之道=MBA Talents:中外MBA分析指南/王辉耀著.-北京:作家出版社,2002.04 |
| 510页;21cm |
| ISBN 7-5063-2343-5:CNY 29.80 |
| 本书内容包括如何选择读MBA,中外MBA的比较,MBA学习的投资与回报,成功申请商学院诀窍,MBA的择业指导,建立MBA的网络等等。 |
| ● |
| 相关链接 |
|
|
|
正题名:MBA通才之道
索取号:G643/W210
 
预约/预借
| 序号 | 登录号 | 条形码 | 馆藏地/架位号 | 状态 | 备注 |
| 1 | 399935 | 203999352 | 社科库409/409社科库 11排3列4层/ [索取号:G643/W210] | 在馆 | |
| 2 | 399936 | 203999361 | 社科二线422/422社科库 30排1列1层/ [索取号:G643/W210] | 在馆 | |
| 3 | 399937 | 203999370 | 社科二线422/422社科库 32排1列2层/ [索取号:G643/W210] | 在馆 | |
| 4 | 542183 | 205421836 | 社科二线422/422社科库 30排1列1层/ [索取号:G643/W210] | 在馆 | |
| 5 | 542184 | 205421845 | 社科库409/409社科库 11排3列4层/ [索取号:G643/W210] | 在馆 | |
| 6 | 542185 | 205421854 | 社科二线422/422社科库 30排1列1层/ [索取号:G643/W210] | 在馆 |